000 00343nam a2200133Ia 4500
008 240624s9999 xx 000 0 und d
041 _aeng
082 _a343.071 TAX
100 _aTAXMANN
245 _aCONSUMER PROTECTION LAW MANUAL WITH PRAC
260 _c2003
_aNew Delhi
_bTaxmann
300 _aI-39, : 496 : p. : cm. ; 23
365 _cRS
_b20
999 _c5660
_d5660